Vplyv menovej politiky ECB na cenu nehnuteľností vo vybraných krajinách eurozóny bakalárska práca

Saved in:
Bibliographic Details
Main Author: Lúchavová, Vladimíra
Corporate Author: Národohospodárska fakulta EU. Katedra bankovníctva a medzinárodných financií
Other Authors: Zeman, Mário, 1993-
Format: Book
Language:Slovak
Published: Bratislava 2022
Tags: Add Tag
No Tags, Be the first to tag this record!

MARC

LEADER 00000nbm a2200000 4500
001 0285006
005 20221006133725.8
041 0 |a slo 
044 |a SK 
245 1 0 |a Vplyv menovej politiky ECB na cenu nehnuteľností vo vybraných krajinách eurozóny  |b bakalárska práca  |c Vladimíra Lúchavová ; školiteľ: Mário Zeman 
264 1 |a Bratislava  |c 2022 
300 |a 54 s. 
100 1 |a Lúchavová, Vladimíra 
700 1 |a Zeman, Mário, 1993- 
710 2 |a Národohospodárska fakulta EU. Katedra bankovníctva a medzinárodných financií